| 000 | 00327nam a22001337a 4500 | ||
|---|---|---|---|
| 020 | _qHB. | ||
| 040 | _cFIZZA ISHAQ | ||
| 082 |
_a388.068 _bDEW |
||
| 100 |
_aDEWBERRY. _991134 |
||
| 245 |
_aCONSTRUCTION PRACTICES FOR LAND DEVELOPMENT / _cDEWBERRY. |
||
| 260 |
_aMC GRAW HILL ; _c2019. |
||
| 300 | _a202 P. ; | ||
| 942 |
_2ddc _cBK |
||
| 999 |
_c589281 _d589281 |
||